A mirror for library librarians : (Record no. 123219)

MARC details
000 -LEADER
fixed length control field 00722nam a22002417a 4500
005 - DATE AND TIME OF LATEST TRANSACTION
control field 20170124105922.0
010 ## - LIBRARY OF CONGRESS CONTROL NUMBER
LC control number 92164
020 ## - INTERNATIONAL STANDARD BOOK NUMBER
Terms of availability 00.00
035 ## - SYSTEM CONTROL NUMBER
System control number 92164
037 ## - SOURCE OF ACQUISITION
Source of stock number/acquisition Cen Lib/Ret
040 ## - CATALOGING SOURCE
Original cataloging agency DPL
Language of cataloging EN
082 ## - DEWEY DECIMAL CLASSIFICATION NUMBER
Classification number 020
Item number THO
100 ## - MAIN ENTRY--PERSONAL NAME
Personal name Thornton, John L.
9 (RLIN) 4820
245 ## - TITLE STATEMENT
Title A mirror for library librarians :
Statement of responsibility, etc by John L.Thornton
Remainder of title Selected readings in the history of librarianship /
260 ## - PUBLICATION, DISTRIBUTION, ETC. (IMPRINT)
Place of publication, distribution, etc London
Name of publisher, distributor, etc Grafton & co.
Date of publication, distribution, etc 1948
270 ## - ADDRESS
Address London
City London
300 ## - PHYSICAL DESCRIPTION
Extent 207p.
Dimensions 20cm(Hb)
500 ## - GENERAL NOTE
General note Includes bibliography and index
650 ## - SUBJECT ADDED ENTRY--TOPICAL TERM
Topical term or geographic name as entry element Library science
9 (RLIN) 108237
650 ## - SUBJECT ADDED ENTRY--TOPICAL TERM
Topical term or geographic name as entry element Library -development
9 (RLIN) 4822
650 ## - SUBJECT ADDED ENTRY--TOPICAL TERM
Topical term or geographic name as entry element
9 (RLIN) 108238
942 ## - ADDED ENTRY ELEMENTS (KOHA)
Source of classification or shelving scheme Dewey Decimal Classification
Koha item type English Books
Classification part 020
Call number suffix THO
Holdings
Withdrawn status Lost status Damaged status Not for loan Collection code Home library Current library Date acquired Source of acquisition Cost, normal purchase price Total Checkouts Full call number Barcode Date last seen Copy number Cost, replacement price Price effective from Koha item type
      Not For Loan Reference Central Library Central Library 04/06/2015 Cen Lib/Ret 0.00   020 THO 92164 04/06/2015 1 0.00 04/06/2015 English Books

© Delhi Public Library
Hit Counter
free hit counter